01829 a2200241 45000010006000000050017000060080041000230030015000640400040000790800079001192450052001980200018002502500012002682640032002803000019003125051126003310410008014571000021014657000024014867000023015107000031015337000023015642965520260407155606.0260407a1987 arg spa dAR-UNSa-BCEJYS aAR-UNSa-BCEJYSbspacAR-UNSa-BCEJYS a336.226.3xImpuestos por el uso de los ingresos. Impuestos al consumo. IVA10aImpuesto al valor agregadopanálisis integral a950-9109-42-8 a3a. ed. 1aBuenos Aires :bTesisc1987 a589 p.c22 cm. a1. Objeto del impuesto - 2. Sujetos pasivos del impuesto - 3. Nacimiento del hecho imponible - 4. Exenciones - 5. Tratamiento preferencial en función del destino - 6. Liquidación del gravamen por el régimen general (Base imponible) - 7. Liquidación del gravamen por el régimen general (Débito fiscal) - 8. Liquidación del gravamen por el régimen general (Crédito fiscal) - 9. Normas de transición para el computo del crédito fiscal - 10. Compra por habitualistas de bienes muebles usados a consumidores finales - 11. Comisionistas o consignatarios - 12. Régimen especial de las obras sobre inmuebles ajeno retribuida mediante una concesión - 13. Periodo fiscal de liquidación en el régimen general - 14. Las alícuotas del impuesto en el régimen general - 15. Saldos a favor en el régimen general - 16. Régimen de inscripción - 17. Responsables inscriptos.Sus obligaciones - 18. Régimen de facturación y registraciones contables - 19. Régimen especial para las exportaciones - 20. Disposiciones generales y transitorias - 21. Régimen simplificado - 22. Casos prácticos  aspa1 aMcEwan, Héctor1 aChalupowicz, Israel1 aLauria, Rúben A.1 aDalmasio, Adalberto Raúl1 aPaladino, Héctor